000
00318nam a22001337a 4500
008
180924b xxu||||| |||| 00| 0 eng d
020
_a
0890796017
041
_a
eng
080
_a
610
100
_a
4
101
_a
SHM
245
_a
Foundations of the Vocational Rehabilitation Process
_c
Rubin, S.E
942
_2
udc
_c
BK
999
_c
48387
_d
48387